Machine Learning and Data Mining in Pattern Recognition(E BOOK) (Record no. 208711)
[ view plain ]
| 000 -LEADER | |
|---|---|
| fixed length control field | 00469 a2200133 4500 |
| 003 - CONTROL NUMBER IDENTIFIER | |
| control field | Nust |
| 005 - DATE AND TIME OF LATEST TRANSACTION | |
| control field | 20170207164336.0 |
| 040 ## - CATALOGING SOURCE | |
| Transcribing agency | Nust |
| 245 ## - TITLE STATEMENT | |
| Title | Machine Learning and Data Mining in Pattern Recognition(E BOOK) |
| Remainder of title | 5th International Conference, MLDM 2007 Leipzig, Germany, July 18-20, 2007 Proceedings |
| Statement of responsibility, etc. | Petra Perner (Ed.) |
| 260 ## - PUBLICATION, DISTRIBUTION, ETC. | |
| Place of publication, distribution, etc. | Berlin |
| Name of publisher, distributor, etc. | Springer-Verlag |
| Date of publication, distribution, etc. | 2007 |
| 300 ## - PHYSICAL DESCRIPTION | |
| Extent | 927p |
| 538 ## - SYSTEM DETAILS NOTE | |
| System details note | E Book |
| 650 ## - SUBJECT ADDED ENTRY--TOPICAL TERM | |
| Topical term or geographic name entry element | Machine Learning and Data Mining in Pattern Recognition |
| 942 ## - ADDED ENTRY ELEMENTS (KOHA) | |
| Source of classification or shelving scheme | |
| Koha item type | Book |
| Withdrawn status | Lost status | Source of classification or shelving scheme | Damaged status | Not for loan | Collection code | Permanent Location | Current Location | Date acquired | Total Checkouts | Full call number | Barcode | Date last seen | Price effective from | Koha item type |
|---|---|---|---|---|---|---|---|---|---|---|---|---|---|---|
| Military College of Signals (MCS) | Military College of Signals (MCS) | 12/12/2016 | 621 | MCSEB-1039 | 12/08/2016 | 12/12/2016 | Book |
